| 000 | 00378nam a2200133Ia 4500 | ||
|---|---|---|---|
| 008 | 220217s9999||||xx |||||||||||||| ||und|| | ||
| 020 | _a81-89253-16-6 | ||
| 082 | _a519.24 SIN | ||
| 100 | _aSingh, V. K | ||
| 245 | 0 | _aNumerical and statistical methods in computer | |
| 260 |
_aParagon international publishers _bNew Delhi _c2005 |
||
| 300 | _b225 | ||
| 650 | _aMATHEMATICS | ||
| 999 |
_c176251 _d176251 |
||